[Event "GER-chT U14"]
[Site "Verden"]
[Date "2008.12.28"]
[Round "3.2"]
[White "Gitter, Lucas"]
[Black "Reisberg, Andre"]
[Result "1/2-1/2"]
[WhiteElo "1604"]
[BlackElo "1346"]
[PlyCount "136"]
[EventDate "2008.12.27"]
[EventType "team-swiss"]
[EventRounds "7"]
[EventCountry "GER"]
[SourceTitle "EXT 2010"]
[Source "ChessBase"]
[SourceDate "2010.11.25"]
[SourceVersion "1"]
[SourceVersionDate "2010.11.25"]
[SourceQuality "1"]
[WhiteTeam "Jena"]
[BlackTeam "Dortmund Brackel"]
[WhiteTeamCountry "GER"]
[BlackTeamCountry "GER"]

1. e4 e6 2. d4 d5 3. exd5 exd5 4. Bd3 Bd6 5. Qf3 c6 6. c3 Nf6 7. h3 Be6 8. Ne2 0-0 9. 0-0 Nbd7 10. Bf4 Bxf4 11. Nxf4 Re8 12. Nd2 Nf8 13. Rae1 Qd7 14. Qg3 Bf5 15. f3 Bxd3 16. Nxd3 Ng6 17. Ne5 Qc7 18. f4 Ne7 19. Rf3 h6 20. Qf2 Nd7 21. g4 f6 22. Nd3 Ng6 23. Rfe3 Rxe3 24. Rxe3 Ndf8 25. f5 Nh8 26. Qe2 Nf7 27. h4 Rd8 28. Nc5 Qc8 29. Re7 b6 30. Ne6 Re8 31. Nf4 Rxe7 32. Qxe7 Qd7 33. Ng6 Qd6 34. Qxd6 Nxd6 35. Ne7+ Kf7 36. Nxc6 a6 37. Nb4 Ne4 38. Nxe4 dxe4 39. Nxa6 g6 40. Kf2 h5 41. fxg6+ Kxg6 42. gxh5+ Kxh5 43. Ke3 f5 44. Nc7 Kxh4 45. Nd5 Ne6 46. Nf4 Nc7 47. d5 Ne8 48. c4 Nd6 49. b3 Kg4 50. a4 Nb7 51. Ne6 Kg3 52. Nd4 Nd6 53. Ne2+ Kg4 54. Nf4 Kg3 55. c5 bxc5 56. a5 c4 57. b4 Kg4 58. Ne2 c3 59. a6 c2 60. a7 c1Q+ 61. Nxc1 f4+ 62. Kf2 e3+ 63. Ke2 Nf5 64. a8Q f3+ 65. Kd3 f2 66. Qg8+ Kf3 67. Qc8 f1Q+ 68. Kc2 Kg4 1/2-1/2

[Event "Muehlhaeusen op"]
[Site "Muehlhausen"]
[Date "2007.05.20"]
[Round "7.18"]
[White "Becker, Jonas"]
[Black "Gitter, Lucas"]
[Result "1-0"]
[WhiteElo "1944"]
[BlackElo "1398"]
[PlyCount "73"]
[EventDate "2007.05.16"]
[EventType "swiss"]
[EventRounds "7"]
[EventCountry "GER"]
[SourceTitle "CBM 118 Extra"]
[Source "ChessBase"]
[SourceDate "2007.07.04"]
[SourceVersion "1"]
[SourceVersionDate "2007.07.04"]
[SourceQuality "1"]

1. d4 d5 2. Bf4 Nc6 3. Nf3 Bf5 4. e3 a6 5. c3 e6 6. Bd3 Bxd3 7. Qxd3 Bd6 8. Bxd6 Qxd6 9. 0-0 Nge7 10. Nbd2 0-0-0 11. b4 h6 12. Rfb1 Nb8 13. a4 b6 14. c4 dxc4 15. Nxc4 Qd5 16. Rc1 Kb7 17. Nfe5 Rdf8 18. e4 Qd8 19. Ne3 f6 20. N5c4 f5 21. f3 h5 22. exf5 exf5 23. Ne5 f4 24. Qe4+ Ka7 25. N3c4 g5 26. Rc2 Rhg8 27. b5 a5 28. Rac1 Qd5 29. Nxa5 Ka8 30. Rxc7 bxa5 31. Rxe7 Qxe4 32. fxe4 Rc8 33. Rcc7 Rxc7 34. Rxc7 Rd8 35. b6 Na6 36. Ra7+ Kb8 37. Nc6+ 1-0

[Event "Muehlhaeusen op"]
[Site "Muehlhausen"]
[Date "2007.05.17"]
[Round "2.15"]
[White "Gitter, Lucas"]
[Black "Fischer, Gerd"]
[Result "1/2-1/2"]
[WhiteElo "1398"]
[BlackElo "2015"]
[PlyCount "26"]
[EventDate "2007.05.16"]
[EventType "swiss"]
[EventRounds "7"]
[EventCountry "GER"]
[SourceTitle "CBM 118 Extra"]
[Source "ChessBase"]
[SourceDate "2007.07.04"]
[SourceVersion "1"]
[SourceVersionDate "2007.07.04"]
[SourceQuality "1"]

1. e4 e6 2. d4 d5 3. exd5 exd5 4. Bd3 Bd6 5. Qf3 c6 6. c3 Qf6 7. Be3 Be6 8. Nd2 Nd7 9. Ne2 Ne7 10. 0-0-0 Bf5 11. Bxf5 Qxf5 12. Qxf5 Nxf5 13. Bf4 0-0-0 1/2-1/2

[Event "GER-chT U12"]
[Site "Verden an der Aller"]
[Date "2006.12.27"]
[Round "1.3"]
[White "Gitter, Lucas"]
[Black "Klarner, Alexander"]
[Result "0-1"]
[WhiteElo "1373"]
[BlackElo "1117"]
[PlyCount "162"]
[EventDate "2006.12.27"]
[EventType "team-swiss"]
[EventRounds "7"]
[EventCountry "GER"]
[SourceTitle "EXT 2008"]
[Source "ChessBase"]
[SourceDate "2007.11.25"]
[SourceVersion "1"]
[SourceVersionDate "2007.11.25"]
[SourceQuality "1"]
[WhiteTeam "Jena SK Koenigskinder U12"]
[BlackTeam "Limburgerhof U12"]
[WhiteTeamCountry "GER"]
[BlackTeamCountry "GER"]

1. e4 c5 2. Nc3 Nc6 3. g3 g6 4. Bg2 Bg7 5. d3 d6 6. Be3 Nf6 7. h3 0-0 8. Nge2 a6 9. 0-0 b5 10. Qd2 b4 11. Nd1 Rb8 12. f4 Bd7 13. g4 a5 14. f5 Ne5 15. Kh1 Bc6 16. Bf4 Nfd7 17. Ng3 a4 18. Rb1 Bb5 19. Nf2 Ra8 20. Rfd1 Qa5 21. Bg5 Rfe8 22. Qe3 Nb6 23. h4 a3 24. b3 Qa7 25. h5 f6 26. Bh6 g5 27. Bxg7 Kxg7 28. h6+ Kh8 29. Nh5 Rg8 30. Qh3 Be8 31. Rg1 Bf7 32. Bf1 Nbd7 33. Nd1 Qb8 34. Ne3 Qf8 35. Ng7 Ra7 36. Rd1 Nb6 37. d4 cxd4 38. Rxd4 Nc6 39. Rd2 Ne5 40. Rg3 Na8 41. Nd5 Bxd5 42. Rxd5 Nc7 43. Rd4 Rb7 44. Qh5 Qf7 45. Qxf7 Nxf7 46. Bc4 Rf8 47. Bxf7 Rxf7 48. Rc4 Rf8 49. Kg2 Na6 50. Rd3 Rc7 51. Rxc7 Nxc7 52. Rd4 Na6 53. Kf2 Rc8 54. Rd2 Nc5 55. Ke3 Nd7 56. Kf2 Ne5 57. Ke2 Nxg4 58. Kd1 Nxh6 59. Ne6 Ng4 60. Nd4 h5 61. Kc1 h4 62. Rg2 Ne5 63. Rh2 Rc3 64. Kd2 h3 65. Rh1 Nf3+ 66. Nxf3 Rxf3 67. Rh2 g4 68. Ke2 Rg3 69. Kf1 Kg7 70. Kf2 Rc3 71. Kf1 Kh6 72. Kg1 Kg5 73. Rf2 Kh4 74. Kh1 g3 75. Re2 Rf3 76. Re1 Rf2 77. e5 dxe5 78. Rc1 g2+ 79. Kh2 Rf1 80. c3 Rxc1 81. c4 Rh1# 0-1

[Event "GER-ch U10"]
[Site "Willingen"]
[Date "2005.05.19"]
[Round "9"]
[White "Gruenwald, Sven"]
[Black "Gitter, Lucas"]
[Result "1/2-1/2"]
[WhiteElo "1323"]
[BlackElo "1187"]
[PlyCount "53"]
[EventDate "2005.05.14"]
[EventType "swiss"]
[EventRounds "11"]
[EventCountry "GER"]
[SourceTitle "CBM 106 Extra"]
[Source "ChessBase"]
[SourceDate "2005.07.01"]
[SourceVersion "1"]
[SourceVersionDate "2005.07.01"]
[SourceQuality "1"]

1. e4 e5 2. Nf3 Nf6 3. Bc4 Bc5 4. Nc3 Nc6 5. d3 d6 6. Bg5 h6 7. Bxf6 Qxf6 8. Nd5 Qd8 9. c3 Be6 10. Ne3 Bxe3 11. fxe3 Bxc4 12. dxc4 Qe7 13. 0-0 0-0 14. Nd2 Qg5 15. Qf3 Rae8 16. Rae1 Re6 17. Qf5 Rg6 18. Qxg5 Rxg5 19. Rf3 Ne7 20. Ref1 Ng6 21. g3 c6 22. Kh1 Ne7 23. a3 Nc8 24. b3 Nb6 25. a4 a5 26. Rf5 Rg6 27. Kg2 1/2-1/2

[Event "GER-ch U10"]
[Site "Willingen"]
[Date "2005.05.16"]
[Round "4"]
[White "Klek, Hanna Marie"]
[Black "Gitter, Lucas"]
[Result "0-1"]
[WhiteElo "1340"]
[BlackElo "1187"]
[PlyCount "104"]
[EventDate "2005.05.14"]
[EventType "swiss"]
[EventRounds "11"]
[EventCountry "GER"]
[SourceTitle "CBM 106 Extra"]
[Source "ChessBase"]
[SourceDate "2005.07.01"]
[SourceVersion "1"]
[SourceVersionDate "2005.07.01"]
[SourceQuality "1"]

1. e4 e5 2. Nf3 Nf6 3. Nc3 Nc6 4. Bc4 Bc5 5. d3 d6 6. Bg5 h6 7. Bh4 g5 8. Bg3 Qe7 9. Qd2 Be6 10. Bxe6 fxe6 11. 0-0-0 0-0-0 12. h4 g4 13. Ng1 h5 14. f3 d5 15. exd5 exd5 16. fxg4 Nxg4 17. Kb1 Rhf8 18. Re1 Qg7 19. Nf3 Rfe8 20. Ng5 Kb8 21. Rhf1 Be3 22. Qe2 Bxg5 23. hxg5 Qxg5 24. Rf7 Qg6 25. Rf3 Qg7 26. Rf5 Qg6 27. Ref1 Nd4 28. Qe1 Nxf5 29. Bf2 Nd4 30. Bh4 Rd7 31. Qg3 Nf5 32. Qe1 a6 33. Bf2 c6 34. Na4 Rde7 35. Nc5 Nxf2 36. Qxf2 Nd6 37. Qd2 e4 38. dxe4 Nxe4 39. Qf4+ Ka8 40. Na4 Nc5 41. a3 Nxa4 42. Qxa4 Qxg2 43. Rc1 Rh7 44. Qh4 Qg4 45. Qf2 h4 46. Rh1 Qe4 47. Rg1 h3 48. Qh2 Qe5 49. Qh1 h2 50. Rf1 Qe4 51. Qxe4 dxe4 52. Rh1 e3 0-1